| 000 | 00774nam a22002417a 4500 | ||
|---|---|---|---|
| 005 | 20170124110202.0 | ||
| 010 | _aA-116985 | ||
| 020 | _c50.00 | ||
| 035 | _aA-116985 | ||
| 037 | _bCen Lib/Ret | ||
| 040 |
_aDPL _bEN |
||
| 082 |
_a181.432 _bAGH |
||
| 100 |
_aAghorananda, Nath _936519 |
||
| 245 |
_aYoga-Karnika : _cby Nath Aghorananda ; edited by Narendra Nath Sharma _ban ancient treatise on yoga / |
||
| 260 |
_aDelhi _bEastern Book Linkers _c1981 |
||
| 270 |
_a5825, New Chandrawal Road , Jawahar Nagar _bDelhi _e110007 |
||
| 300 |
_axx,125p. _c21cm(Hb) |
||
| 500 | _aIncludes index | ||
| 650 |
_aMysticism--Hinduism _912081 |
||
| 650 |
_aPhilosophy, Indic _988280 |
||
| 700 |
_aSharma, Narendra Nath _936521 |
||
| 942 |
_2ddc _cEN _h181.432 _mSHA |
||
| 999 |
_c133013 _d133013 |
||